000 00295nam a22001337a 4500
003 SGT
020 _a9781498783149
082 _a613.2
_bPAT
100 _aPATHAK YASHWANT
245 _aHANDBOOK OF NUTRACEUTICAL
260 _aLONDON
_bCRC PRESS PUB
_c2026
300 _a382
942 _2ddc
_cBK
999 _c34467
_d34467